Drapeaux Océanie - Statistiques

Statistiques générales
  • Ce quiz a été pris 29 fois
  • Le résultat moyen est 14 sur 29
Statistiques - réponses
Par images Réponse % Correct
Nouvelle-Zélande
100%
Tonga
100%
Palaos
93%
Samoa
93%
Australie
86%
Fidji
86%
Micronésie
86%
Papouasie Nouvelle-Guinée
86%
Kiribati
79%
Îles Marshall
71%
Tuvalu
71%
Îles Salomon
64%
Vanuatu
64%
Nauru
57%
Guam
43%
Nouvelle-Calédonie
29%
Île Christmas
21%
Îles Norfolk
21%
Polynésie Française
21%
Samoa Américaine
21%
Wallis et Futuna
21%
Île de Pâques
14%
Îles Cook
14%
Îles Mariannes du Nord
14%
Niue
14%
Tokelau
14%
Hawaï
7%
Îles Coco
7%
Îles Pitcairn
7%
Aucun quiz correspondant
Distribution des résultats
% des personnes avec chaque résultat
Percentile par nombre de réponses
Votre historique - résultats
Vous n’avez pas pris ce quiz